000 00786cam a2200277 4500
001 ABS61425
008 000000n1999 000 0 eng u
035 _a(Sirsi) u100571
100 _aPugh-Smith, J.
245 2 _aA bluffer's guide to planning guidance
260 _c1999
490 _aLandscape Design
_v(284) October 1999, 12-14(3)
520 _aExplains the differences between terms used in planning guidance in the UK. References.
590 _aABS
650 _aPLANNING GUIDANCE
650 _aUNITED KINGDOM
650 _aENGLAND
650 _aWALES
650 _aSCOTLAND
650 _aNORTHERN IRELAND
650 _aPLANNING POLICY GUIDANCE
650 _aTECHNICAL ADVICE NOTE
650 _aNPPGS
690 _aPLANNING LAW AND PRACTICE
942 _n0
999 _c60165
_d60165